00000000nam 2200000zi 4500
0019.932073
003CaOODSP
00520250110130630
006m     o  d f      
007cr |n|||||||||
008231229e199904##qucdb   ob   f|0| 0 fre d
040 |aCaOODSP|bfre|erda|cCaOODSP
043 |an-cn---
0861 |aCW66-1504/1999F-PDF
1001 |aGiroux, Jean-François, |eauteur.
24510|aÉvaluation des cultures attrayantes & organisation de la chasse de l'oie des neiges au domaine de l'Isle aux Oyes / |cJean-François Giroux & Josée Lefebvre.
264 1|a[Sainte-Foy, Québec] : |bService canadien de la faune, |cavril 1999.
300 |a1 ressource en ligne (25, 12, [2] pages) : |bcartes, graphiques
336 |atexte|btxt|2rdacontent/fre
337 |ainformatique|bc|2rdamedia/fre
338 |aressource en ligne|bcr|2rdacarrier/fre
500 |aÉdition numérisée de l’imprimé [par Environnement et changement climatique Canada].
500 |a"Cette étude a été réalisée par l'Université du Québec à Montréal pour le Service canadien de la faune et Faune et Parcs Québec. L'expérience a été réalisée dans le cadre du Plan de gestion intégrée de la grande oie des neiges en collaboration avec canards Illimités et le Domaine de l'Isle aux Oyes Inc."
504 |aComprend des références bibliographiques (page 25).
650 6|aOies|xChasse|zQuébec (Province)
650 6|aOie des neiges|zQuébec (Province)
650 0|aGoose shooting|zQuébec (Province)
650 0|aSnow goose|zQuébec (Province)
7102 |aService canadien de la faune, |eorganisme de publication.
7102 |aUniversité du Québec à Montréal.|bDépartement des sciences biologiques, |eorganisme de publication.
85640|qPDF|s5.82 Mo|uhttps://publications.gc.ca/collections/collection_2025/eccc/cw66/CW66-1504-1999-fra.pdf